La Cuenca del Golfo de Nicoya : un reto al desarrollo sostenible (Registro nro. 400)
[ vista simple ]
| 000 -Cabecera | |
|---|---|
| Campo de control de longitud fija | 00747aam a2200277 4500 |
| 005 - Fecha y hora de la última transacción | |
| Campo de control | 20231124093451.0 |
| 008 - Elementos de longitud fija--Información general | |
| Campo de control de longitud fija | 150730b1994 xxu||||| |||| 00| 0 spa d |
| 020 ## - International Standard Book Number | |
| Número Internacional Estándar del Libro (ISBN) | 9977672660 |
| 041 ## - Idioma | |
| Código de idioma | Español |
| 082 ## - Clasificación Decimal Dewey | |
| Número de clasificación | 333.784 B638c |
| 100 ## - Entrada principal--Autor personal | |
| Nombre personal | Blanco Brenes, Oscar |
| 100 ## - Entrada principal--Autor personal | |
| Nombre personal | Mata, Alfonso |
| 245 ## - Título propiamente dicho | |
| Título | La Cuenca del Golfo de Nicoya : un reto al desarrollo sostenible |
| 260 ## - Pie de imprenta | |
| Lugar de publicación, distribución, etc. | Costa Rica |
| 260 ## - Pie de imprenta | |
| Nombre del editor, distribuidor, etc. | Universidad de Costa Rica |
| 260 ## - Pie de imprenta | |
| Fecha de publicación, distribución, etc. | 1994 |
| 300 ## - Descripción física | |
| Extensión | 336 páginas |
| 650 ## - Materia general | |
| Temática (materia general) | MEDIO AMBIENTE |
| 650 ## - Materia general | |
| Temática (materia general) | POLÍTICA AMBIENTAL |
| 650 ## - Materia general | |
| Temática (materia general) | GUANACASTE |
| 650 ## - Materia general | |
| Temática (materia general) | GOLFO DE NICOYA |
| 650 ## - Materia general | |
| Temática (materia general) | RASGOS AMBIENTALES DE COSTA RICA |
| 650 ## - Materia general | |
| Temática (materia general) | CONTAMINACION DEL MEDIO AMBIENTE |
| 942 ## - Punto de acceso adicional KOHA | |
| Tipo de ítem KOHA | Libro |
| Fuente del sistema de clasificación o colocación | Dewey Decimal Classification |
| Signatura completa | Código de barras | Programa Académico | Tipo de ítem |
|---|---|---|---|
| 333.784 B638c | 3364 | Turismo | Libro |